Handbook of thin film technology (Record no. 10313)

MARC details
000 -LEADER
fixed length control field 00630nam a2200193Ia 4500
003 - CONTROL NUMBER IDENTIFIER
control field IN-BaIIA
008 - FIXED-LENGTH DATA ELEMENTS--GENERAL INFORMATION
fixed length control field 211028s9999 xx 000 0 eng d
020 ## - INTERNATIONAL STANDARD BOOK NUMBER
International Standard Book Number 0-07-039742-2
040 ## - CATALOGING SOURCE
Transcribing agency IIA Library
080 ## - UNIVERSAL DECIMAL CLASSIFICATION NUMBER
Universal Decimal Classification number 538.975(035)
Item number MAI
245 #0 - TITLE STATEMENT
Title Handbook of thin film technology
Statement of responsibility, etc. edited by Leon I. Maissel and Reinhard Glang
260 ## - PUBLICATION, DISTRIBUTION, ETC.
Place of publication, distribution, etc. New York
Name of publisher, distributor, etc. McGraw-Hill
Date of publication, distribution, etc. 1983
300 ## - PHYSICAL DESCRIPTION
Extent [various pagings.]
650 ## - SUBJECT ADDED ENTRY--TOPICAL TERM
Topical term or geographic name entry element Astronomy and Astrophysics Thesaurus
650 ## - SUBJECT ADDED ENTRY--TOPICAL TERM
Topical term or geographic name entry element Handbooks
9 (RLIN) 5453
700 ## - ADDED ENTRY--PERSONAL NAME
Personal name Glang, Reinhard, ed.
9 (RLIN) 17529
700 ## - ADDED ENTRY--PERSONAL NAME
Personal name Maissel, Leon I., ed.
9 (RLIN) 17530
942 ## - ADDED ENTRY ELEMENTS (KOHA)
Koha item type Books
Holdings
Withdrawn status Lost status Damaged status Not for loan Home library Current library Shelving location Date acquired Cost, normal purchase price Total Checkouts Full call number Barcode Date last seen Date last checked out Cost, replacement price Price effective from Koha item type Purchase Price
        IIA Library-Bangalore IIA Library-Bangalore General Stacks 31/01/1992 3875.30 1 538.975(035)/ MAI 11223 10/12/2021 08/12/2021 3875.30 31/01/1992 Books Rs. 3875.30

Powered by Koha